[Event "20th Prague Open 2022"]
[Site "Prague"]
[Date "2022.01.08"]
[Round "2.1"]
[White "Schouten, Mathias Lind"]
[Black "Urkedal, Frode Olav Olsen"]
[Result "0-1"]
[WhiteElo "2165"]
[BlackElo "2553"]
[Annotator "TA"]
[PlyCount "102"]
[EventDate "2022.01.07"]
[EventType "swiss"]
[EventCountry "CZE"]
[SourceTitle "playchess.com"]
[Source "ChessBase"]
[SourceQuality "1"]

{[%evp 10,102,-20,-104,-60,-58,-63,-72,-58,-62,-60,-58,-68,-65,-50,-69,-27,-81,-80,-74,-65,-68,-66,-81,-81,-87,-88,-81,-83,-124,-124,-135,-111,-176,-143,-174,-173,-174,-152,-144,-119,-125,-127,-129,-125,-131,-127,-151,-88,-82,-83,-84,-16,-8,-6,-6,-5,-16,0,-23,-20,-20,-20,-20,-24,-29,-17,-20,-23,-184,-184,-170,-154,-170,-164,-658,-649,-1018,-1041,-1384,-1130,-2948,-2475,-12848,-12850,-29973,-29974,-6095,-5373,-29981,-29982,-29983,-29980,-29979,-29980]} 1. e4 e5 2. Nf3 Nc6 3. Bc4 Nf6 4. d4 exd4 5. O-O Nxe4 6. Nc3 Nxc3 {C56: Two Knights: 4 d4 exd4 5 0-0 Nxe4.} (6... dxc3 $17 7. Bxf7+ Kxf7 8. Qd5+ Kf6 9. Qxe4 Be7) 7. bxc3 Be7 {Prevents Ng5.} 8. cxd4 d5 {Black is better.} 9. Bb5 O-O 10. Bxc6 bxc6 11. Ne5 Bd7 {[#]} 12. Qf3 $146 ({Predecessor:} 12. Qd3 f6 13. Nxd7 Qxd7 14. Re1 Bd6 15. c4 Rfe8 16. Be3 Re4 17. c5 Bf8 18. Rab1 {0-1 (33) Sliwicki,D (2169)-Krivonosov,O (2371) Chess.com INT 2021}) 12... Be8 (12... f6 $15 13. Nxd7 Qxd7) 13. Re1 (13. Qc3 $11) 13... f6 $17 14. Nd3 Bd6 15. Bf4 Qd7 16. Rab1 Bg6 17. Rb3 Rae8 18. Rxe8 Rxe8 19. Be3 ({White should try} 19. h3) 19... Qc8 20. Qd1 a5 {[%cal Ba7a5,Ba5a4][%mdl 32]} 21. Qb1 (21. a4 $17 {was necessary.}) 21... Qg4 22. h3 Qe2 23. Qc1 a4 24. Rc3 Rb8 {Black is much more active.} 25. Bf4 Bxd3 26. Bxd6 cxd6 27. Rxd3 {[%mdl 4096] Endgame KQR-KQR} Re8 28. Rc3 c5 (28... Re4 $142 $1 29. Re3 (29. Rxc6 $2 Rxd4 30. Qe3 Rd1+ 31. Kh2 Qxe3 $19) 29... Qc4) 29. dxc5 d4 30. Ra3 Qe1+ ({Black should play} 30... dxc5 $17 {And now ...Qe1+ would win.} 31. Rxa4 Qe4) 31. Qxe1 $11 Rxe1+ {KR-KR} 32. Kh2 dxc5 33. Rxa4 g5 34. Rc4 Re5 35. a4 Kf7 {Strongly threatening ...Ke7.} 36. a5 Ke6 {...Kd6 is the strong threat.} 37. a6 Kd5 38. Ra4 Re8 {Hoping for ...Kc6.} 39. a7 $2 {Now White is beyond hope.} (39. Ra3 $11 {and White stays safe.}) 39... Ra8 $19 40. Ra6 {[#]} Kc4 $1 41. Kg3 {[#]} Kb5 $1 42. Rxf6 (42. Ra1) 42... Rxa7 {White must now prevent ...Ra2.} 43. Rf5 Ra2 44. Rxg5 Rxc2 45. f4 d3 46. Kf3 Re2 47. Rd5 Kc4 48. Rd7 Kc3 {( -> ...Re1)} 49. f5 Re1 {Black mates.} 50. f6 d2 51. f7 d1=Q+ {Weighted Error Value: White=0.92/Black=0.10 (very precise)} ({Not} 51... Rf1+ 52. Ke2 d1=R 53. Rxd1 Rxf7 54. Rc1+ Kd4 55. Rd1+ Ke4 56. Rd6 $11) 0-1

[Event "20th Prague Open 2022"]
[Site "Prague"]
[Date "2022.01.08"]
[Round "2.2"]
[White "Pijpers, Arthur"]
[Black "Cornelisse, John"]
[Result "1-0"]
[WhiteElo "2485"]
[BlackElo "2173"]
[Annotator "TA"]
[PlyCount "75"]
[EventDate "2022.01.07"]
[EventType "swiss"]
[EventCountry "CZE"]
[SourceTitle "playchess.com"]
[Source "ChessBase"]
[SourceQuality "1"]

{[%evp 9,74,31,6,-14,18,39,64,59,64,51,110,96,114,108,114,114,130,106,108,102,133,127,136,135,135,114,127,133,152,107,184,189,188,185,327,305,312,263,260,264,356,386,383,307,422,401,454,443,451,447,6503,1027,1881,1815,1757,1620,29968,29970,6084,5493,29992,29992,29997,29998,29998,29999,29999]} 1. e4 c6 2. d4 d5 3. e5 c5 4. Nf3 Nc6 5. dxc5 Bg4 6. b4 {B12: Caro-Kann: Advance Variation.} e6 {[%mdl 1024] Black has compensation.} 7. Bb5 Qc7 8. Nbd2 {White is slightly better.} Nge7 9. O-O {[#]} (9. h3 $5 {[%cal Rh3g4]} Bxf3 10. Nxf3 $16) 9... Ng6 $146 (9... a6 $14 10. Ba4 O-O-O) ({Predecessor:} 9... O-O-O 10. Rb1 Nxe5 11. Re1 N7c6 12. Bxc6 Nxc6 13. h3 Bh5 14. Bb2 Rg8 15. a3 Be7 {1-0 (58) Becker,M (2275)-Goeldenboog,J (1945) Magdeburg 2020}) 10. Re1 Be7 11. h3 Bxf3 12. Nxf3 O-O 13. Bxc6 bxc6 14. Bb2 Rab8 15. Bc3 Rbe8 16. Qd2 Qd7 17. Re2 Bd8 18. Rae1 {White is more active.} Bc7 19. Qg5 (19. Nd4 $142) 19... f6 (19... a5 $16) 20. exf6 $18 gxf6 21. Qg4 {[%cal Re2e6]} ({Inferior is} 21. Bxf6 Bf4 22. Qg4 (22. Ne5 Qc7 $17) 22... Rxf6 $17) 21... f5 (21... Kf7 {was necessary.} 22. g3 Re7) 22. Qh5 Bd8 23. Ne5 Nxe5 24. Bxe5 {Strongly threatening Qh6.} (24. Rxe5 Bf6 $16) 24... Qf7 25. Qf3 Qg6 26. Re3 f4 27. Ra3 Rf7 28. Ra6 Qxc2 29. Rxc6 Qd2 (29... Bg5 $142 30. Bc3 Bf6 31. Bxf6 (31. Rexe6 Rxe6 32. Qg4+ Kf8 $18) 31... Rxf6) 30. Bc3 (30. Qg4+ $142 Kf8 31. Bd6+ Ree7 32. Rxe6 Qc1+ 33. Kh2 f3 34. Rc8 Ke8 35. c6) 30... Qxa2 31. Rcxe6 Rxe6 32. Rxe6 Kf8 {Prevents Re8+.} 33. Qh5 Qb1+ 34. Kh2 {[#] Intending Qh6+ and mate.} Be7 35. Qe5 {[%cal Re5h8] White mates.} Ke8 36. Qb8+ Kd7 37. c6+ Kxe6 38. Qe5# {Black did not feel at home in the position after the opening.  Weighted Error Value: White=0.11 (very precise) /Black=0.70} 1-0

[Event "20th Prague Open 2022"]
[Site "Prague"]
[Date "2022.01.08"]
[Round "2.3"]
[White "Sindler, Michal"]
[Black "Mirzoev, Azer"]
[Result "0-1"]
[WhiteElo "2138"]
[BlackElo "2420"]
[Annotator "ChessBase"]
[PlyCount "106"]
[EventDate "2022.01.07"]
[EventType "swiss"]
[EventCountry "CZE"]
[SourceTitle "playchess.com"]
[Source "ChessBase"]
[SourceQuality "1"]
[TimeControl "40/5400+30:1800+30"]

1. e4 {[%emt 0:05:29]} c6 {[%emt 0:00:07]} 2. d4 {[%emt 0:00:34]} d5 {[%emt 0:00:28]} 3. exd5 {[%emt 0:00:17]} cxd5 {[%emt 0:00:04]} 4. Bd3 {[%emt 0:00:15]} Nc6 {[%emt 0:00:06]} 5. c3 {[%emt 0:00:21]} Nf6 {[%emt 0:00:06]} 6. Bf4 {[%emt 0:00:27]} Bg4 {[%emt 0:00:06]} 7. Qb3 {[%emt 0:00:13]} Qc8 {[%emt 0:00:07]} 8. Nd2 {[%emt 0:00:29]} e6 {[%emt 0:00:07]} 9. Ngf3 {[%emt 0:01:33]} Bh5 {[%emt 0:00:10]} 10. Ne5 {[%emt 0:04:42]} Nxe5 {[%emt 0:05:26]} 11. Bxe5 {[%emt 0:00:54]} Bg6 {[%emt 0:04:23]} 12. Bxg6 {[%emt 0:01:15]} hxg6 {[%emt 0:00:10]} 13. O-O {[%emt 0:00:35]} Qd7 {[%emt 0:07:31]} 14. Qd1 {[%emt 0:13:19]} Be7 {[%emt 0:01:05]} 15. a3 {[%emt 0:08:48]} O-O {[%emt 0:00:22]} 16. g4 {[%emt 0:01:16]} Rfc8 {[%emt 0:01:57]} 17. Kg2 {[%emt 0:10:55]} Qb5 {[%emt 0:07:40]} 18. Rb1 {[%emt 0:02:43]} Qd3 {[%emt 0:00:10]} 19. Bxf6 {[%emt 0:10:13]} gxf6 {[%emt 0:02:16]} 20. f4 {[%emt 0:01:39]} Kg7 {[%emt 0:01:27]} 21. Rf3 {[%emt 0:03:10]} Qb5 {[%emt 0:00:12]} 22. f5 {[%emt 0:02:22]} exf5 {[%emt 0:02:41]} 23. gxf5 {[%emt 0:00:14]} Rh8 {[%emt 0:00:09]} 24. fxg6 {[%emt 0:06:04]} fxg6 {[%emt 0:00:07]} 25. Nf1 {[%emt 0:00:22]} Bd6 {[%emt 0:01:21]} 26. h3 {[%emt 0:03:39]} Rae8 {[%emt 0:03:08]} 27. Ne3 {[%emt 0:04:25]} Rh5 {[%emt 0:01:18]} 28. Qc2 {[%emt 0:04:22]} Rg5+ {[%emt 0:02:23]} 29. Kh1 {[%emt 0:00:32]} f5 {[%emt 0:18:26]} 30. Nxf5+ {[%emt 0:08:02]} gxf5 {[%emt 0:00:34]} 31. Rxf5 {[%emt 0:00:22]} Rg6 {[%emt 0:00:50]} 32. Rbf1 {[%emt 0:01:00]} Re7 {[%emt 0:08:00]} 33. Rf8 {[%emt 0:01:37]} Qd7 {[%emt 0:09:17]} 34. Rg8+ {[%emt 0:01:07]} Kxg8 {[%emt 0:00:06]} 35. Qxg6+ {[%emt 0:00:10]} Rg7 {[%emt 0:00:06]} 36. Qh5 {[%emt 0:00:27]} Qe6 {[%emt 0:00:38]} 37. Qf5 {[%emt 0:01:16]} Qe4+ {[%emt 0:06:56]} 38. Qxe4 {[%emt 0:00:51]} dxe4 {[%emt 0:00:05]} 39. Re1 {[%emt 0:00:09]} Re7 {[%emt 0:00:05]} 40. Kg2 {[%emt 0:00:58]} Kf7 {[%emt 0:00:43]} 41. c4 {[%emt 0:30:55]} Kf6 {[%emt 0:30:19]} 42. Kf2 {[%emt 0:02:06]} Bf4 {[%emt 0:00:27]} 43. Ke2 {[%emt 0:00:26]} Rg7 {[%emt 0:00:17]} 44. Kd1 {[%emt 0:00:42]} Kf5 {[%emt 0:00:05]} 45. Re2 {[%emt 0:00:21]} Rg3 {[%emt 0:00:28]} 46. Kc2 {[%emt 0:00:39]} Rxh3 {[%emt 0:00:07]} 47. d5 {[%emt 0:00:22]} b6 {[%emt 0:00:42]} 48. b3 {[%emt 0:01:04]} Rh2 {[%emt 0:00:16]} 49. Rxh2 {[%emt 0:00:00]} Bxh2 {[%emt 0:00:00]} 50. b4 {[%emt 0:00:00]} Bd6 {[%emt 0:00:00]} 51. Kd2 {[%emt 0:00:00]} Kf4 {[%emt 0:00:00]} 52. Ke2 {[%emt 0:00:00]} Ke5 {[%emt 0:00:00]} 53. Ke3 {[%emt 0:00:00]} Be7 {[%emt 0:00:00]} 0-1

[Event "20th Prague Open 2022"]
[Site "Prague"]
[Date "2022.01.08"]
[Round "2.4"]
[White "Neuman, Petr"]
[Black "Melaa, Sondre"]
[Result "1-0"]
[WhiteElo "2402"]
[BlackElo "2169"]
[Annotator "ChessBase"]
[PlyCount "67"]
[EventDate "2022.01.07"]
[EventType "swiss"]
[EventCountry "CZE"]
[SourceTitle "playchess.com"]
[Source "ChessBase"]
[SourceQuality "1"]
[TimeControl "40/5400+30:1800+30"]

1. Nf3 {[%emt 0:00:06]} d5 {[%emt 0:00:37]} 2. g3 {[%emt 0:00:07]} Nf6 {[%emt 0:00:52]} 3. Bg2 {[%emt 0:01:49]} e6 {[%emt 0:00:46]} 4. c4 {[%emt 0:01:28]} dxc4 {[%emt 0:00:34]} 5. Na3 {[%emt 0:00:22]} Bxa3 {[%emt 0:03:40]} 6. bxa3 {[%emt 0:00:47]} O-O {[%emt 0:01:14]} 7. Bb2 {[%emt 0:07:34]} c5 {[%emt 0:09:25]} 8. Qc2 {[%emt 0:01:17]} Nd5 {[%emt 0:03:20]} 9. Qxc4 {[%emt 0:17:58]} b6 {[%emt 0:03:39]} 10. O-O {[%emt 0:00:57]} Nd7 {[%emt 0:09:05]} 11. e4 {[%emt 0:23:11]} N5f6 {[%emt 0:02:49]} 12. d3 {[%emt 0:03:37]} Bb7 {[%emt 0:03:45]} 13. Rad1 {[%emt 0:01:59]} Qe7 {[%emt 0:05:20]} 14. h3 {[%emt 0:01:58]} Rac8 {[%emt 0:02:38]} 15. Nd2 {[%emt 0:02:38]} e5 {[%emt 0:09:31]} 16. f4 {[%emt 0:02:46]} Ne8 {[%emt 0:06:22]} 17. Qc3 {[%emt 0:06:36]} Nd6 {[%emt 0:03:52]} 18. a4 {[%emt 0:03:02]} f6 {[%emt 0:02:59]} 19. Bf3 {[%emt 0:03:44]} Kh8 {[%emt 0:04:08]} 20. Bg4 {[%emt 0:01:18]} exf4 {[%emt 0:03:03]} 21. gxf4 {[%emt 0:00:11]} f5 {[%emt 0:01:36]} 22. Bf3 {[%emt 0:03:48]} fxe4 {[%emt 0:00:41]} 23. dxe4 {[%emt 0:00:38]} Rxf4 {[%emt 0:02:13]} 24. Bg2 {[%emt 0:00:06]} Rff8 {[%emt 0:07:27]} 25. Qg3 {[%emt 0:01:21]} Ba6 {[%emt 0:04:31]} 26. Rfe1 {[%emt 0:01:46]} Rcd8 {[%emt 0:02:02]} 27. Nf3 {[%emt 0:00:57]} Nc4 {[%emt 0:01:34]} 28. Ba1 {[%emt 0:00:09]} Nf6 {[%emt 0:01:29]} 29. Nh4 {[%emt 0:00:09]} Nh5 {[%emt 0:02:30]} 30. Qg4 {[%emt 0:00:15]} Rxd1 {[%emt 0:02:14]} 31. Rxd1 {[%emt 0:00:06]} Qf7 {[%emt 0:01:08]} 32. Rd7 {[%emt 0:01:27]} Qf2+ {[%emt 0:00:42]} 33. Kh2 {[%emt 0:00:06]} Nf6 {[%emt 0:00:39]} 34. Qxg7# 1-0

[Event "20th Prague Open 2022"]
[Site "Prague"]
[Date "2022.01.08"]
[Round "2.5"]
[White "Bodicky, Michal"]
[Black "Haring, Filip"]
[Result "0-1"]
[WhiteElo "2137"]
[BlackElo "2398"]
[Annotator "ChessBase"]
[PlyCount "88"]
[EventDate "2022.01.07"]
[EventType "swiss"]
[EventCountry "CZE"]
[SourceTitle "playchess.com"]
[Source "ChessBase"]
[SourceQuality "1"]
[TimeControl "40/5400+30:1800+30"]

1. c4 {[%emt 0:00:08]} e5 {[%emt 0:00:15]} 2. Nc3 {[%emt 0:00:09]} Bb4 {[%emt 0:00:09]} 3. Qc2 {[%emt 0:03:15]} Nf6 {[%emt 0:01:20]} 4. g3 {[%emt 0:02:37]} O-O {[%emt 0:00:51]} 5. Bg2 {[%emt 0:01:03]} c6 {[%emt 0:02:05]} 6. a3 {[%emt 0:04:36]} Ba5 {[%emt 0:04:03]} 7. Nf3 {[%emt 0:05:26]} Re8 {[%emt 0:05:27]} 8. O-O {[%emt 0:03:34]} e4 {[%emt 0:03:46]} 9. Ne1 {[%emt 0:02:25]} d5 {[%emt 0:01:21]} 10. cxd5 {[%emt 0:05:25]} cxd5 {[%emt 0:00:47]} 11. d3 {[%emt 0:02:04]} Nc6 {[%emt 0:08:13]} 12. b4 {[%emt 0:06:18]} Bb6 {[%emt 0:01:22]} 13. Bg5 {[%emt 0:08:13]} h6 {[%emt 0:00:49]} 14. Bxf6 {[%emt 0:00:29]} Qxf6 {[%emt 0:00:06]} 15. dxe4 {[%emt 0:01:41]} Nd4 {[%emt 0:09:21]} 16. Qd1 {[%emt 0:06:09]} dxe4 {[%emt 0:08:51]} 17. Nxe4 {[%emt 0:04:37]} Rxe4 {[%emt 0:03:12]} 18. Bxe4 {[%emt 0:00:26]} Nxe2+ {[%emt 0:00:49]} 19. Qxe2 {[%emt 0:00:15]} Qxa1 {[%emt 0:00:04]} 20. Qf3 {[%emt 0:02:22]} Be6 {[%emt 0:05:19]} 21. Ng2 {[%emt 0:02:37]} Qb2 {[%emt 0:05:56]} 22. Nf4 {[%emt 0:07:03]} Bc4 {[%emt 0:00:46]} 23. Rb1 {[%emt 0:07:04]} Qa2 {[%emt 0:02:01]} 24. Rc1 {[%emt 0:00:01]} Rd8 {[%emt 0:06:24]} 25. Bb1 {[%emt 0:03:32]} Qb3 {[%emt 0:06:08]} 26. Qxb3 {[%emt 0:04:29]} Bxb3 {[%emt 0:00:05]} 27. Be4 {[%emt 0:00:20]} g6 {[%emt 0:07:21]} 28. Rc3 {[%emt 0:03:03]} Ba2 {[%emt 0:04:35]} 29. Rd3 {[%emt 0:06:36]} Re8 {[%emt 0:00:59]} 30. Bxb7 {[%emt 0:01:18]} Re1+ {[%emt 0:00:40]} 31. Kg2 {[%emt 0:00:12]} g5 {[%emt 0:04:04]} 32. Nd5 {[%emt 0:01:07]} Bc4 {[%emt 0:00:58]} 33. Rd2 {[%emt 0:00:02]} Ra1 {[%emt 0:03:36]} 34. Nxb6 {[%emt 0:02:25]} Bf1+ {[%emt 0:00:04]} 35. Kf3 {[%emt 0:00:20]} axb6 {[%emt 0:00:32]} 36. Rd8+ {[%emt 0:01:13]} Kg7 {[%emt 0:00:12]} 37. Ra8 {[%emt 0:01:15]} Rc1 {[%emt 0:03:07]} 38. Rc8 {[%emt 0:01:17]} Re1 {[%emt 0:01:32]} 39. Rc2 {[%emt 0:02:02]} h5 {[%emt 0:01:01]} 40. h4 {[%emt 0:01:23]} Re7 {[%emt 0:01:46]} 41. Be4 {[%emt 0:31:44]} f6 {[%emt 0:05:09]} 42. Rc6 {[%emt 0:00:00]} g4+ {[%emt 0:00:15]} 43. Kf4 {[%emt 0:00:00]} Rxe4+ {[%emt 0:00:07]} 44. Kf5 {[%emt 0:00:00]} Bd3 {[%emt 0:00:49]} 0-1

[Event "20th Prague Open 2022"]
[Site "Prague"]
[Date "2022.01.08"]
[Round "2.6"]
[White "Jurcik, Marian"]
[Black "Eriksson, Christian Altenburg"]
[Result "1-0"]
[WhiteElo "2397"]
[BlackElo "2145"]
[Annotator "RC"]
[PlyCount "79"]
[EventDate "2022.01.07"]
[EventType "swiss"]
[EventCountry "CZE"]
[SourceTitle "playchess.com"]
[Source "ChessBase"]
[SourceQuality "1"]
[TimeControl "40/5400+30:1800+30"]

1. e4 {[%emt 0:10:45]} c5 {[%emt 0:00:13]} 2. Nc3 {[%emt 0:00:35]} Nc6 {[%emt 0:00:25]} 3. Bb5 {[%emt 0:00:42]} Nd4 {[%emt 0:03:50]} 4. Nf3 {[%emt 0:00:47]} a6 {[%emt 0:03:24]} 5. Bd3 {[%emt 0:04:14]} e6 {[%emt 0:04:30]} 6. O-O {[%emt 0:01:23]} Qc7 {[%emt 0:02:52]} 7. Nxd4 {[%emt 0:06:47]} cxd4 {[%emt 0:00:08]} 8. Ne2 {[%emt 0:00:05]} Bc5 {[%emt 0:03:33]} 9. a3 {[%emt 0:01:29]} Ne7 {[%emt 0:03:46]} 10. b4 {[%emt 0:00:33]} Ba7 {[%emt 0:03:02]} 11. Bb2 {[%emt 0:04:00]} Nc6 {[%emt 0:06:28]} 12. f4 {[%emt 0:11:17]} d6 {[%emt 0:08:38]} 13. Kh1 {[%emt 0:09:24]} b5 {[%emt 0:08:15]} 14. c3 {[%emt 0:05:28]} dxc3 {[%emt 0:03:17]} 15. Bxc3 {[%emt 0:00:19]} e5 {[%emt 0:04:06]} 16. Ng3 {[%emt 0:07:45]} Qe7 {[%emt 0:07:47]} 17. a4 {[%emt 0:02:00]} Rb8 {[%emt 0:06:44]} 18. axb5 {[%emt 0:03:20]} axb5 {[%emt 0:00:14]} 19. f5 {[%emt 0:05:28]} f6 {[%emt 0:06:08]} 20. Qh5+ {[%emt 0:03:18]} Qf7 {[%emt 0:02:11]} 21. Bc2 {[%emt 0:05:44]} Bb6 {[%emt 0:06:30]} 22. Bb3 {[%emt 0:00:37]} Qxh5 {[%emt 0:01:19]} 23. Nxh5 {[%emt 0:00:01]} Kf8 {[%emt 0:00:16]} 24. Rfc1 {[%emt 0:04:21]} Ne7 {[%emt 0:02:26]} 25. d4 {[%emt 0:03:47]} exd4 {[%emt 0:02:58]} 26. Bd2 {[%emt 0:00:20]} Bb7 {[%emt 0:02:10]} 27. Bf4 {[%emt 0:02:38]} Rd8 {[%emt 0:00:37]} 28. Re1 {[%emt 0:01:14]} Nc8 {[%emt 0:02:19]} 29. Bg3 {[%emt 0:00:56]} d3 {[%emt 0:04:38]} 30. Rad1 {[%emt 0:00:58]} Bd4 {[%emt 0:01:02]} 31. Rxd3 {[%emt 0:00:36]} Be5 {[%emt 0:00:33]} 32. Bxe5 {[%emt 0:01:25]} fxe5 {[%emt 0:00:02]} 33. Rc3 {[%emt 0:01:20]} Ne7 {[%emt 0:02:00]} 34. Rc7 {[%emt 0:00:37]} Bc6 {[%emt 0:00:34]} 35. Be6 {[%emt 0:01:37]} d5 {[%emt 0:00:24]} 36. f6 {[%emt 0:01:03]} gxf6 {[%emt 0:00:18]} 37. Rf1 {[%emt 0:00:08]} f5 {[%emt 0:00:21]} 38. Rxf5+ {[%emt 0:00:26]} Nxf5 {[%emt 0:00:29]} 39. Rf7+ {[%emt 0:00:06]} Ke8 {[%emt 0:00:06]} 40. Nf6# 1-0

[Event "20th Prague Open 2022"]
[Site "Prague"]
[Date "2022.01.08"]
[Round "2.7"]
[White "Blahynka, Martin"]
[Black "Soucek, Petr"]
[Result "1-0"]
[WhiteElo "2399"]
[BlackElo "2117"]
[Annotator "ChessBase"]
[PlyCount "75"]
[EventDate "2022.01.07"]
[EventType "swiss"]
[EventCountry "CZE"]
[SourceTitle "playchess.com"]
[Source "ChessBase"]
[SourceQuality "1"]
[TimeControl "40/5400+30:1800+30"]

1. c4 {[%emt 0:00:07]} d6 {[%emt 0:02:13]} 2. Nc3 {[%emt 0:00:43]} Nf6 {[%emt 0:00:07]} 3. d4 {[%emt 0:00:32]} g6 {[%emt 0:00:18]} 4. e4 {[%emt 0:00:14]} Bg7 {[%emt 0:00:10]} 5. h3 {[%emt 0:00:12]} O-O {[%emt 0:00:58]} 6. Be3 {[%emt 0:00:04]} e5 {[%emt 0:02:44]} 7. d5 {[%emt 0:00:54]} Na6 {[%emt 0:08:19]} 8. g4 {[%emt 0:00:09]} Nc5 {[%emt 0:01:06]} 9. f3 {[%emt 0:00:09]} c6 {[%emt 0:05:46]} 10. h4 {[%emt 0:06:22]} cxd5 {[%emt 0:02:05]} 11. cxd5 {[%emt 0:00:06]} Bd7 {[%emt 0:11:17]} 12. h5 {[%emt 0:05:47]} Qa5 {[%emt 0:03:13]} 13. h6 {[%emt 0:25:37]} Bh8 {[%emt 0:00:13]} 14. Bd3 {[%emt 0:05:19]} b5 {[%emt 0:10:08]} 15. a3 {[%emt 0:05:15]} b4 {[%emt 0:03:39]} 16. axb4 {[%emt 0:00:04]} Nxd3+ {[%emt 0:01:01]} 17. Kf1 {[%emt 0:02:29]} Qxb4 {[%emt 0:04:57]} 18. Qxd3 {[%emt 0:00:11]} Rfc8 {[%emt 0:10:56]} 19. Nge2 {[%emt 0:03:04]} a5 {[%emt 0:05:23]} 20. Kf2 {[%emt 0:05:53]} Ne8 {[%emt 0:02:52]} 21. Ra2 {[%emt 0:04:58]} Bf6 {[%emt 0:01:17]} 22. Rha1 {[%emt 0:00:39]} Bd8 {[%emt 0:00:52]} 23. Kg3 {[%emt 0:01:57]} Bb6 {[%emt 0:06:00]} 24. Bd2 {[%emt 0:07:23]} Qc5 {[%emt 0:02:23]} 25. Be1 {[%emt 0:01:15]} Bd8 {[%emt 0:03:45]} 26. Bd2 {[%emt 0:10:32]} Bb6 {[%emt 0:00:18]} 27. Be1 {[%emt 0:04:28]} Bd8 {[%emt 0:00:07]} 28. Kg2 {[%emt 0:01:09]} Rcb8 {[%emt 0:05:14]} 29. Bf2 {[%emt 0:01:32]} Qb4 {[%emt 0:00:10]} 30. Be3 {[%emt 0:00:52]} Bb6 {[%emt 0:00:32]} 31. Nc1 {[%emt 0:06:44]} Nc7 {[%emt 0:02:28]} 32. Qd2 {[%emt 0:00:52]} a4 {[%emt 0:03:47]} 33. Bxb6 {[%emt 0:00:14]} Rxb6 {[%emt 0:01:15]} 34. Nd3 {[%emt 0:01:10]} Qd4 {[%emt 0:00:32]} 35. Ne2 {[%emt 0:00:24]} Qc4 {[%emt 0:00:06]} 36. Rc1 {[%emt 0:00:35]} Qxa2 {[%emt 0:00:07]} 37. Rxc7 {[%emt 0:00:05]} Bb5 {[%emt 0:00:24]} 38. Qg5 {[%emt 0:00:18]} 1-0

[Event "20th Prague Open 2022"]
[Site "Prague"]
[Date "2022.01.08"]
[Round "2.8"]
[White "Hlavina, Matous"]
[Black "Fus, Jakub"]
[Result "0-1"]
[WhiteElo "2125"]
[BlackElo "2384"]
[Annotator "ChessBase"]
[PlyCount "112"]
[EventDate "2022.01.07"]
[EventType "swiss"]
[EventCountry "CZE"]
[SourceTitle "playchess.com"]
[Source "ChessBase"]
[SourceQuality "1"]
[TimeControl "40/5400+30:1800+30"]

1. e4 {[%emt 0:00:02]} c6 {[%emt 0:04:42]} 2. d4 {[%emt 0:00:02]} d5 {[%emt 0:00:21]} 3. exd5 {[%emt 0:00:11]} cxd5 {[%emt 0:00:17]} 4. Bd3 {[%emt 0:00:06]} Nc6 {[%emt 0:04:04]} 5. c3 {[%emt 0:00:06]} Qc7 {[%emt 0:05:06]} 6. Ne2 {[%emt 0:03:49]} Bg4 {[%emt 0:00:29]} 7. O-O {[%emt 0:00:10]} Nf6 {[%emt 0:00:51]} 8. Qe1 {[%emt 0:00:27]} Qc8 {[%emt 0:00:13]} 9. Bf4 {[%emt 0:03:25]} Bf5 {[%emt 0:01:32]} 10. Nc1 {[%emt 0:05:17]} Bxd3 {[%emt 0:00:55]} 11. Nxd3 {[%emt 0:00:08]} e6 {[%emt 0:00:23]} 12. Nd2 {[%emt 0:00:58]} Be7 {[%emt 0:01:44]} 13. Nf3 {[%emt 0:02:44]} O-O {[%emt 0:01:47]} 14. Qe2 {[%emt 0:00:50]} Nd7 {[%emt 0:10:19]} 15. Rae1 {[%emt 0:04:40]} b5 {[%emt 0:03:15]} 16. a3 {[%emt 0:02:04]} Re8 {[%emt 0:05:26]} 17. Ng5 {[%emt 0:04:42]} Bxg5 {[%emt 0:07:03]} 18. Bxg5 {[%emt 0:02:23]} e5 {[%emt 0:04:22]} 19. dxe5 {[%emt 0:07:49]} Ndxe5 {[%emt 0:03:08]} 20. Be3 {[%emt 0:03:38]} Nc4 {[%emt 0:06:41]} 21. Qf3 {[%emt 0:03:04]} Qd7 {[%emt 0:01:43]} 22. h3 {[%emt 0:02:19]} N6e5 {[%emt 0:08:03]} 23. Nxe5 {[%emt 0:03:18]} Nxe5 {[%emt 0:06:35]} 24. Qg3 {[%emt 0:01:32]} f6 {[%emt 0:02:28]} 25. Rd1 {[%emt 0:02:50]} Nc4 {[%emt 0:02:53]} 26. Bc1 {[%emt 0:04:00]} Rad8 {[%emt 0:02:08]} 27. Qd3 {[%emt 0:04:48]} a5 {[%emt 0:00:49]} 28. Rfe1 {[%emt 0:06:27]} a4 {[%emt 0:00:38]} 29. Rxe8+ {[%emt 0:02:21]} Qxe8 {[%emt 0:02:08]} 30. Kf1 {[%emt 0:01:12]} Qg6 {[%emt 0:06:19]} 31. Qe2 {[%emt 0:06:22]} Re8 {[%emt 0:01:46]} 32. Be3 {[%emt 0:06:01]} Qf5 {[%emt 0:01:48]} 33. Kg1 {[%emt 0:02:37]} Kf7 {[%emt 0:01:13]} 34. g4 {[%emt 0:02:06]} Qe5 {[%emt 0:00:54]} 35. Qd3 {[%emt 0:04:42]} Nxb2 {[%emt 0:01:35]} 36. Qxd5+ {[%emt 0:00:58]} Qxd5 {[%emt 0:00:03]} 37. Rxd5 {[%emt 0:00:01]} Nc4 {[%emt 0:00:59]} 38. Rxb5 {[%emt 0:01:48]} Nxe3 {[%emt 0:00:17]} 39. fxe3 {[%emt 0:00:06]} Rxe3 {[%emt 0:00:02]} 40. Rb4 {[%emt 0:06:49]} Rxh3 {[%emt 0:01:58]} 41. Rxa4 {[%emt 0:32:08]} Rxc3 {[%emt 0:30:37]} 42. Kg2 {[%emt 0:00:00]} Rc5 {[%emt 0:00:00]} 43. Rb4 {[%emt 0:00:00]} Rc2+ {[%emt 0:00:00]} 44. Kg1 {[%emt 0:00:00]} Kg6 {[%emt 0:00:00]} 45. a4 {[%emt 0:00:00]} Ra2 {[%emt 0:00:00]} 46. Rc4 {[%emt 0:00:00]} Kg5 {[%emt 0:00:00]} 47. Kf1 {[%emt 0:00:00]} h5 {[%emt 0:00:00]} 48. gxh5 {[%emt 0:00:00]} Kxh5 {[%emt 0:00:00]} 49. Rc7 {[%emt 0:00:00]} g5 {[%emt 0:00:00]} 50. Rf7 {[%emt 0:00:00]} Kg6 {[%emt 0:00:00]} 51. Ra7 {[%emt 0:00:00]} f5 {[%emt 0:00:00]} 52. a5 {[%emt 0:00:00]} f4 {[%emt 0:00:00]} 53. Ra8 {[%emt 0:00:00]} Kf5 {[%emt 0:00:00]} 54. a6 {[%emt 0:00:00]} Kg4 {[%emt 0:00:00]} 55. a7 {[%emt 0:00:00]} Kf3 {[%emt 0:00:00]} 56. Kg1 {[%emt 0:00:00]} g4 {[%emt 0:00:00]} 0-1